[Event "NOR-chB"]
[Site "Stavanger"]
[Date "2017.07.04"]
[Round "5"]
[White "Riisem, Oyvind"]
[Black "Forsaa, Espen"]
[Result "1-0"]
[WhiteElo "2208"]
[BlackElo "2323"]
[PlyCount "103"]
[EventDate "2017.07.01"]
[EventType "swiss"]
[EventRounds "9"]
[EventCountry "NOR"]
[SourceTitle "CBM 179 Extra"]
[Source "ChessBase"]
[SourceDate "2017.08.23"]
[SourceVersion "1"]
[SourceVersionDate "2017.08.23"]
[SourceQuality "1"]

1. Nc3 d5 2. e4 d4 3. Nce2 c5 4. Ng3 Nc6 5. Bb5 Qc7 6. c4 g6 7. d3 h5 8. f4 h4 9. Nf1 Bh6 10. Qf3 Bd7 11. Bd2 a6 12. Ba4 Rb8 13. Rc1 b5 14. cxb5 axb5 15. Bd1 Qb6 16. Nh3 Nf6 17. Nf2 Be6 18. Bb3 Bxb3 19. axb3 Nd7 20. h3 Na5 21. Qd1 b4 22. Ra1 Ra8 23. Nh2 Qc7 24. e5 Nxe5 25. fxe5 Qxe5+ 26. Ne4 Bxd2+ 27. Kxd2 Qd5 28. Qf3 Nxb3+ 29. Kc2 Nxa1+ 30. Rxa1 Kd8 31. Rxa8+ Qxa8 32. Qxf7 Qc6 33. Nf3 Rh5 34. Qf4 Kc8 35. Ne5 Qe6 36. Nc4 Kb7 37. Qf8 Rd5 38. Qe8 Kc7 39. Qb5 Qc6 40. Qa5+ Kb7 41. Kb3 Rf5 42. Qd8 Qe6 43. Qh8 g5 44. Qh5 Qd5 45. Qh7 Rf7 46. Qg6 Rf1 47. Qb6+ Kc8 48. Nxc5 Rf2 49. Kxb4 Qxg2 50. Qe6+ Kb8 51. Na6+ Ka8 52. Qc8+ 1-0

[Event "NOR-ch"]
[Site "Tromsoe"]
[Date "2016.07.11"]
[Round "4"]
[White "Hobber, Anders"]
[Black "Forsaa, Espen"]
[Result "1/2-1/2"]
[WhiteElo "2333"]
[BlackElo "2308"]
[PlyCount "33"]
[EventDate "2016.07.09"]
[EventType "swiss"]
[EventRounds "9"]
[EventCountry "NOR"]
[SourceTitle "CBM 173 Extra"]
[Source "ChessBase"]
[SourceDate "2016.08.29"]
[SourceVersion "1"]
[SourceVersionDate "2016.08.29"]
[SourceQuality "1"]

1. d4 d5 2. Bf4 c6 3. e3 Qb6 4. b3 Nf6 5. Bd3 Bg4 6. Ne2 Nbd7 7. h3 Bh5 8. 0-0 e6 9. c4 Be7 10. Nbc3 0-0 11. c5 Qd8 12. b4 Ne8 13. Qc2 Bg6 14. Bxg6 hxg6 15. a4 b6 16. a5 b5 17. Bh2 1/2-1/2

[Event "NOR-ch"]
[Site "Tromsoe"]
[Date "2016.07.10"]
[Round "2"]
[White "Forsaa, Espen"]
[Black "Lie, Kjetil A"]
[Result "1/2-1/2"]
[WhiteElo "2308"]
[BlackElo "2520"]
[PlyCount "113"]
[EventDate "2016.07.09"]
[EventType "swiss"]
[EventRounds "9"]
[EventCountry "NOR"]
[SourceTitle "CBM 173 Extra"]
[Source "ChessBase"]
[SourceDate "2016.08.29"]
[SourceVersion "1"]
[SourceVersionDate "2016.08.29"]
[SourceQuality "1"]

1. e4 d6 2. d4 Nf6 3. Nc3 e5 4. dxe5 dxe5 5. Qxd8+ Kxd8 6. f4 Nc6 7. Nf3 Bd6 8. Bb5 exf4 9. Bxc6 bxc6 10. e5 Re8 11. Bxf4 Nh5 12. Bg5+ f6 13. 0-0-0 fxg5 14. exd6 Bg4 15. d7 Re7 16. Na4 Bxf3 17. gxf3 Nf6 18. Nc5 Nxd7 19. h4 gxh4 20. Rxh4 Kc8 21. Nxd7 Rxd7 22. Rxh7 Rf7 23. Rg1 Kb7 24. Rgxg7 Rxg7 25. Rxg7 Rf8 26. Rg3 Rf5 27. b3 a5 28. Kb2 Kb6 29. Kc3 a4 30. Kb4 Rf4+ 31. Ka3 c5 32. Rg4 Rxf3 33. Rxa4 Rf2 34. Kb2 Rf8 35. Rh4 c6 36. a4 Rg8 37. Kc3 Rg2 38. Kd3 Rf2 39. Rg4 Rh2 40. Rf4 Rg2 41. c3 Rg5 42. Kc4 Rh5 43. Rg4 Rf5 44. Rh4 Rg5 45. b4 cxb4 46. cxb4 Rg7 47. a5+ Kb7 48. Kc5 Rg5+ 49. Kd6 Rd5+ 50. Ke6 Rb5 51. Rc4 Kc7 52. Ke7 Re5+ 53. Kf6 Rb5 54. Ke6 Kb7 55. Kd7 Rd5+ 56. Ke7 Re5+ 57. Kd6 1/2-1/2

[Event "Barcelona Sant Marti op-A 17th"]
[Site "Barcelona"]
[Date "2015.07.21"]
[Round "9"]
[White "Forsaa, Espen"]
[Black "Shashikant, Kutwal"]
[Result "1-0"]
[WhiteElo "2304"]
[BlackElo "2202"]
[PlyCount "83"]
[EventDate "2015.07.13"]
[EventType "swiss"]
[EventRounds "9"]
[EventCountry "ESP"]
[SourceTitle "CBM 167 Extra"]
[Source "ChessBase"]
[SourceDate "2015.09.14"]
[SourceVersion "1"]
[SourceVersionDate "2015.09.14"]
[SourceQuality "1"]

1. e4 c5 2. Nf3 e6 3. g3 Nc6 4. Bg2 Nf6 5. Qe2 d6 6. 0-0 Be7 7. c3 0-0 8. d4 cxd4 9. cxd4 d5 10. e5 Ne4 11. Rd1 f6 12. exf6 Bxf6 13. Be3 Bd7 14. Nbd2 Nd6 15. Bf4 Nxd4 16. Nxd4 Bxd4 17. Nb3 Rxf4 18. Nxd4 Rf6 19. f4 Qb6 20. Kh1 Kh8 21. Rac1 Raf8 22. Rc2 Nc4 23. b3 Na3 24. Rcc1 Nb5 25. Nf3 Nd6 26. Ne5 Bb5 27. Qe1 Nf5 28. Rd2 Ne3 29. Qg1 Rd8 30. a4 Ba6 31. b4 d4 32. b5 Qa5 33. Rd3 g5 34. fxg5 Rf5 35. Nf3 e5 36. Nh4 Rxg5 37. bxa6 Qxa6 38. Rxe3 dxe3 39. Qxe3 Rg7 40. Qxe5 Qh6 41. Rf1 Rd2 42. Rf8# 1-0

[Event "NOR North-ch"]
[Site "Tromsoe"]
[Date "2015.05.22"]
[Round "1"]
[White "Johnsen, Kjell Magne"]
[Black "Forsaa, Espen"]
[Result "1/2-1/2"]
[WhiteElo "2022"]
[BlackElo "2270"]
[PlyCount "90"]
[EventDate "2015.05.22"]
[EventType "swiss"]
[EventRounds "6"]
[EventCountry "NOR"]
[SourceTitle "EXT 2024"]
[Source "ChessBase"]
[SourceDate "2023.10.10"]
[SourceVersion "1"]
[SourceVersionDate "2023.10.10"]
[SourceQuality "1"]

1. d4 d5 2. c4 c6 3. Nf3 e6 4. g3 dxc4 5. Bg2 b5 6. 0-0 Bb7 7. Nc3 Nd7 8. e4 b4 9. Na4 Ngf6 10. Re1 Be7 11. Qc2 c5 12. Nxc5 Nxc5 13. dxc5 Bxc5 14. Qxc4 Qb6 15. Be3 Rc8 16. Bxc5 Rxc5 17. Qd4 0-0 18. e5 Rd8 19. Qh4 Rc2 20. Rf1 Ne4 21. Ng5 Rxf2 22. Qxh7+ Kf8 23. Bxe4 Rxf1+ 24. Kxf1 Rd2 25. Nxe6+ Qxe6 26. Bxb7 Qc4+ 27. Kg1 Qd4+ 28. Kh1 Rd1+ 29. Rxd1 Qxd1+ 30. Kg2 Qd2+ 31. Kh3 Qd7+ 32. Kg2 Qxb7+ 33. Kh3 Qd7+ 34. Kg2 Qd2+ 35. Kh3 Qxb2 36. Qh8+ Ke7 37. Qxg7 Qf2 38. Qg5+ Ke6 39. Qg4+ Ke7 40. Qg5+ Ke6 41. Qd8 Qf5+ 42. Kg2 Qe4+ 43. Kf2 Qc2+ 44. Kf3 Qc6+ 45. Ke3 Qc1+ 1/2-1/2

[Event "NOR-chT 1415"]
[Site "Norway"]
[Date "2015.02.07"]
[Round "7.3"]
[White "Forsaa, Espen"]
[Black "Tjomsland, Stig"]
[Result "1-0"]
[WhiteElo "2261"]
[BlackElo "2372"]
[PlyCount "89"]
[EventDate "2014.10.31"]
[EventType "team-tourn"]
[EventRounds "11"]
[EventCountry "NOR"]
[SourceTitle "EXT 2016"]
[Source "ChessBase"]
[SourceDate "2015.10.08"]
[SourceVersion "1"]
[SourceVersionDate "2015.10.08"]
[SourceQuality "1"]
[WhiteTeam "Tromsoe"]
[BlackTeam "Nordstrand"]
[WhiteTeamCountry "NOR"]
[BlackTeamCountry "NOR"]

1. c4 Nf6 2. Nc3 e6 3. d4 Bb4 4. f3 d5 5. a3 Be7 6. e4 dxe4 7. fxe4 e5 8. d5 Bc5 9. Nf3 Ng4 10. b4 Bf2+ 11. Ke2 Bh4 12. g3 Be7 13. h3 Nf6 14. Be3 0-0 15. Kf2 a5 16. Rb1 axb4 17. axb4 Ra3 18. Rb3 Bxb4 19. Rxb4 Rxc3 20. Nd2 Qe7 21. Rb3 Rxb3 22. Qxb3 Na6 23. Bg2 Nd7 24. Ra1 Ndc5 25. Qa3 b6 26. Kg1 f5 27. exf5 Bxf5 28. Ne4 Bxe4 29. Bxe4 Qf6 30. Bg2 Qg6 31. g4 Qc2 32. Qc1 Qd3 33. Ra3 Qg6 34. Qc3 Qd6 35. Ra1 e4 36. Bd4 Rf7 37. Qe3 Re7 38. Kh1 h6 39. g5 Kh7 40. Rg1 Qg6 41. Bf1 Qf5 42. Be2 Nd3 43. gxh6 Nac5 44. hxg7 Re8 45. Rg5 1-0

[Event "NOR-chT 1415"]
[Site "Norway"]
[Date "2014.11.01"]
[Round "2.6"]
[White "Forsaa, Espen"]
[Black "Fossan, Petter"]
[Result "1-0"]
[WhiteElo "2261"]
[BlackElo "2308"]
[PlyCount "75"]
[EventDate "2014.10.31"]
[EventType "team-tourn"]
[EventRounds "11"]
[EventCountry "NOR"]
[SourceTitle "EXT 2015"]
[Source "ChessBase"]
[SourceDate "2014.11.20"]
[SourceVersion "1"]
[SourceVersionDate "2014.11.20"]
[SourceQuality "1"]
[WhiteTeam "Tromsoe"]
[BlackTeam "Stavanger"]
[WhiteTeamCountry "NOR"]
[BlackTeamCountry "NOR"]

1. d4 e6 2. c4 Bb4+ 3. Nc3 Nf6 4. f3 d5 5. a3 Bxc3+ 6. bxc3 c5 7. cxd5 Nxd5 8. dxc5 Qa5 9. e4 Ne7 10. Be3 0-0 11. Qb3 Qc7 12. Bb5 Nbc6 13. Ne2 e5 14. 0-0 Be6 15. Qa4 Na5 16. Rab1 Rac8 17. Rfd1 Nec6 18. Nd4 exd4 19. cxd4 Bd7 20. d5 Nb8 21. Rdc1 Qd8 22. Bd2 b6 23. Bxa5 Bxb5 24. Qxb5 bxa5 25. c6 Qb6+ 26. Qxb6 axb6 27. Rxb6 Nd7 28. Rb7 Ne5 29. Rc3 g5 30. Rb6 Nd7 31. cxd7 Rxc3 32. Rc6 Rd8 33. Rxc3 Rxd7 34. Rc8+ Kg7 35. Ra8 Kf6 36. Rxa5 Ke5 37. d6+ Kf4 38. Kf2 1-0

[Event "Andorra op 32nd"]
[Site "La Massana"]
[Date "2014.07.25"]
[Round "7"]
[White "Grollemund, Bertrand"]
[Black "Forsaa, Espen"]
[Result "0-1"]
[WhiteElo "2138"]
[BlackElo "2256"]
[PlyCount "102"]
[EventDate "2014.07.19"]
[EventType "swiss"]
[EventRounds "9"]
[EventCountry "AND"]
[SourceTitle "CBM 161 Extra"]
[Source "ChessBase"]
[SourceDate "2014.08.29"]
[SourceVersion "1"]
[SourceVersionDate "2014.08.29"]
[SourceQuality "1"]

1. e4 c5 2. Nf3 d6 3. Bb5+ Nd7 4. 0-0 Ngf6 5. Re1 a6 6. Bf1 b6 7. c3 Bb7 8. Qc2 Qc7 9. d3 g6 10. Nbd2 Bg7 11. b3 0-0 12. Bb2 d5 13. c4 d4 14. a3 e5 15. b4 Ne8 16. bxc5 bxc5 17. a4 Nd6 18. Nb3 f5 19. Ng5 Rae8 20. f3 Bh6 21. Bc1 Bxg5 22. Bxg5 f4 23. Reb1 Nf7 24. Bh4 g5 25. Be1 Re6 26. Ra2 Rg6 27. Rab2 Bc8 28. Na5 Nd8 29. Kh1 Kh8 30. Nb3 Nc6 31. Qd2 Rfg8 32. Be2 Qd8 33. a5 h5 34. Na1 g4 35. Bd1 Qg5 36. fxg4 hxg4 37. g3 Rh6 38. Ba4 Kg7 39. Bxc6 Rxc6 40. Nb3 Rh8 41. Nc1 Rch6 42. Rc2 Qf6 43. Nb3 Rh3 44. Qd1 Qg5 45. Rg2 Nf6 46. Nxc5 f3 47. Rd2 Qe3 48. Rbb2 Nh5 49. Nb7 Rxg3 50. Bf2 Rg2 51. Bh4 Nf4 0-1

[Event "Andorra op 32nd"]
[Site "La Massana"]
[Date "2014.07.21"]
[Round "3"]
[White "Forsaa, Espen"]
[Black "Demuth, Adrien"]
[Result "0-1"]
[WhiteElo "2256"]
[BlackElo "2488"]
[PlyCount "44"]
[EventDate "2014.07.19"]
[EventType "swiss"]
[EventRounds "9"]
[EventCountry "AND"]
[SourceTitle "CBM 161 Extra"]
[Source "ChessBase"]
[SourceDate "2014.08.29"]
[SourceVersion "1"]
[SourceVersionDate "2014.08.29"]
[SourceQuality "1"]

1. c4 e5 2. g3 Nf6 3. Bg2 c6 4. d4 e4 5. Nc3 d5 6. f3 Bb4 7. Bg5 0-0 8. fxe4 dxe4 9. Nh3 h6 10. Bxf6 Qxf6 11. Nf2 e3 12. Nfe4 Qe6 13. Qb3 Na6 14. a3 Ba5 15. Qa4 Bb6 16. c5 Bc7 17. d5 cxd5 18. Nxd5 Be5 19. 0-0 Bd7 20. Qc4 Bc6 21. Nec3 Bxc3 22. bxc3 Nc7 0-1

[Event "Sunningdale e2e4 op 04"]
[Site "Ascot"]
[Date "2014.04.19"]
[Round "4"]
[White "Forsaa, Espen"]
[Black "Fallowfield, Jeremy"]
[Result "1/2-1/2"]
[WhiteElo "2267"]
[BlackElo "2034"]
[PlyCount "127"]
[EventDate "2014.04.17"]
[EventType "swiss"]
[EventRounds "9"]
[EventCountry "ENG"]
[SourceTitle "CBM 159 Extra"]
[Source "ChessBase"]
[SourceDate "2014.04.24"]
[SourceVersion "1"]
[SourceVersionDate "2014.04.24"]
[SourceQuality "1"]

1. d4 f5 2. g3 Nf6 3. Bg2 g6 4. Nf3 Bg7 5. 0-0 0-0 6. c4 d6 7. Nc3 c6 8. b3 Qa5 9. Bb2 e5 10. dxe5 dxe5 11. e4 f4 12. Qd6 Re8 13. b4 Qb6 14. a3 fxg3 15. hxg3 Ng4 16. c5 Qd8 17. Qxd8 Rxd8 18. Rfd1 Re8 19. Bf1 Be6 20. Rd6 Bf7 21. Ng5 Bb3 22. Bc1 Bf8 23. Rd2 Bh6 24. Rb2 Bf7 25. f3 Nf6 26. Rh2 Bxg5 27. Bxg5 Nbd7 28. Be3 Rad8 29. Rd2 Nf8 30. Rad1 Rxd2 31. Rxd2 Ne6 32. Bh3 Kf8 33. Kf2 Ke7 34. f4 Rd8 35. Rxd8 Kxd8 36. fxe5 Nd7 37. Bxe6 Bxe6 38. Bd4 Ke7 39. Ne2 Bc4 40. Ng1 g5 41. Nf3 h6 42. Ke3 Bb3 43. Nh2 Bd1 44. Nf1 Bg4 45. Nd2 Be6 46. Kd3 Kf7 47. Ke3 Ke7 48. Kd3 Kf7 49. Ke3 Ke7 50. Kf3 h5 51. Nf1 Kf7 52. Ne3 Kg6 53. Bc3 Nf8 54. Nc2 Bg4+ 55. Kf2 Nd7 56. Bb2 Nf8 57. Nd4 Be6 58. a4 a6 59. Bc3 Bg4 60. a5 Be6 61. Ke3 Bg4 62. Nc2 Bd1 63. Na3 Bb3 64. Nb1 1/2-1/2

[Event "Tromsoe Arctic NGP-A"]
[Site "Tromsoe"]
[Date "2013.08.17"]
[Round "4"]
[White "Forsaa, Espen"]
[Black "Kvisla, Johannes Luangtep"]
[Result "1-0"]
[WhiteElo "2279"]
[BlackElo "2155"]
[PlyCount "89"]
[EventDate "2013.08.16"]
[EventType "swiss"]
[EventRounds "7"]
[EventCountry "NOR"]
[SourceTitle "CBM 156 Extra"]
[Source "ChessBase"]
[SourceDate "2013.10.22"]
[SourceVersion "1"]
[SourceVersionDate "2013.10.22"]
[SourceQuality "1"]

1. d4 Nf6 2. c4 e6 3. Nc3 Bb4 4. f3 c5 5. d5 b5 6. e4 bxc4 7. Bxc4 Nxd5 8. Bxd5 exd5 9. Qxd5 Nc6 10. Be3 Qa5 11. Nge2 Ba6 12. Kf2 c4 13. Rhd1 Qxd5 14. Nxd5 Ba5 15. Bd2 Bb6+ 16. Nxb6 axb6 17. Bc3 f6 18. Nf4 0-0-0 19. Nd5 Kb7 20. Rd2 Rhe8 21. Ne3 Ne7 22. a3 Bb5 23. Bb4 Nc6 24. Bc3 Ne7 25. Rc1 Bc6 26. Bb4 b5 27. Bxe7 Rxe7 28. Nf5 Re5 29. Nd6+ Kb6 30. Nf7 Rf8 31. Nxe5 fxe5 32. Ke3 g5 33. Rd6 Kc5 34. Rh6 Rf7 35. g3 b4 36. axb4+ Kxb4 37. Rc2 g4 38. f4 exf4+ 39. gxf4 Rg7 40. Kd4 Bb5 41. Rc3 Rg8 42. f5 Ra8 43. Ra3 Rxa3 44. bxa3+ Kxa3 45. Kc3 1-0

[Event "Barcelona Sant Marti op-A 15th"]
[Site "Barcelona"]
[Date "2013.07.19"]
[Round "7"]
[White "Jaramillo Ochoa, Mateo"]
[Black "Forsaa, Espen"]
[Result "1-0"]
[WhiteElo "2074"]
[BlackElo "2293"]
[PlyCount "89"]
[EventDate "2013.07.13"]
[EventType "swiss"]
[EventRounds "9"]
[EventCountry "ESP"]
[SourceTitle "CBM 155 Extra"]
[Source "ChessBase"]
[SourceDate "2013.08.26"]
[SourceVersion "1"]
[SourceVersionDate "2013.08.26"]
[SourceQuality "1"]

1. d4 e6 2. c4 Nf6 3. g3 d5 4. Nf3 dxc4 5. Bg2 Bb4+ 6. Bd2 a5 7. 0-0 0-0 8. Bg5 Nc6 9. e3 h6 10. Bxf6 Qxf6 11. Qe2 e5 12. d5 Ne7 13. a3 Bd6 14. Qxc4 b5 15. Qd3 Qf5 16. e4 Qg4 17. Nbd2 Ba6 18. b4 f6 19. Rab1 Qd7 20. Rfd1 Rfd8 21. Nf1 Kh8 22. Ne3 c5 23. dxc6 Qxc6 24. Rbc1 Qb6 25. Qb3 axb4 26. axb4 Rac8 27. Bh3 Rxc1 28. Rxc1 Qb7 29. Nd5 Nxd5 30. exd5 Qf7 31. Be6 Qe8 32. Nh4 Bc8 33. Rxc8 Rxc8 34. Qb1 g5 35. Bxc8 gxh4 36. Qc1 Bf8 37. d6 hxg3 38. hxg3 Kg7 39. d7 Qd8 40. Qd1 Be7 41. Qg4+ Kf7 42. Bb7 Qh8 43. Bd5+ Kf8 44. Qe6 Qg7 45. Qb6 1-0

[Event "Barcelona Sant Marti op-A 15th"]
[Site "Barcelona"]
[Date "2013.07.15"]
[Round "3"]
[White "Forsaa, Espen"]
[Black "Sanchez Ibern, Marc"]
[Result "0-1"]
[WhiteElo "2293"]
[BlackElo "2408"]
[PlyCount "60"]
[EventDate "2013.07.13"]
[EventType "swiss"]
[EventRounds "9"]
[EventCountry "ESP"]
[SourceTitle "CBM 155 Extra"]
[Source "ChessBase"]
[SourceDate "2013.08.26"]
[SourceVersion "1"]
[SourceVersionDate "2013.08.26"]
[SourceQuality "1"]

1. e4 c5 2. Nf3 d6 3. d4 Nf6 4. Nc3 cxd4 5. Nxd4 Nc6 6. Bg5 Qb6 7. Nb3 e6 8. Be2 Be7 9. Bxf6 gxf6 10. 0-0 Bd7 11. Bh5 Rg8 12. Kh1 Rg7 13. f4 Na5 14. Qd4 Bd8 15. Qd3 Nxb3 16. axb3 Be7 17. f5 0-0-0 18. Qh3 Kb8 19. Bxf7 Rxf7 20. fxe6 Bc8 21. Nd5 Qd4 22. Ra4 Qd2 23. Rfa1 a6 24. b4 Rg7 25. b5 Bxe6 26. Qf3 Bxd5 27. exd5 axb5 28. Ra8+ Kc7 29. Rd1 Qxc2 30. Ra3 b4 0-1

[Event "NOR-chB"]
[Site "Lillehammer"]
[Date "2013.07.03"]
[Round "6"]
[White "Forsaa, Espen"]
[Black "Thingstad, Even"]
[Result "1-0"]
[WhiteElo "2293"]
[BlackElo "2274"]
[PlyCount "91"]
[EventDate "2013.06.29"]
[EventType "swiss"]
[EventRounds "9"]
[EventCountry "NOR"]
[SourceTitle "EXT 2014"]
[Source "ChessBase"]
[SourceDate "2013.11.20"]
[SourceVersion "1"]
[SourceVersionDate "2013.11.20"]
[SourceQuality "1"]

1. e4 c6 2. d4 d5 3. e5 Bf5 4. Nf3 e6 5. Be2 c5 6. Be3 cxd4 7. Nxd4 Ne7 8. Nd2 Nbc6 9. N2f3 Be4 10. 0-0 Ng6 11. Nxc6 bxc6 12. Nd4 Nxe5 13. f3 Bg6 14. f4 Nd7 15. f5 Bxf5 16. Nxc6 Qc7 17. Nd4 Be4 18. Nb5 Qb7 19. c4 a6 20. Nc3 Bc5 21. Bxc5 Nxc5 22. Qd4 Qa7 23. cxd5 exd5 24. Rad1 Ne6 25. Qxa7 Rxa7 26. Nxd5 0-0 27. b4 Rb8 28. a3 Bc2 29. Rd2 Ba4 30. Nc3 Bc6 31. Rf5 Nc7 32. Rd6 Bb5 33. Bxb5 Nxb5 34. Nxb5 axb5 35. Rxb5 Rba8 36. Rbd5 Kf8 37. Rd8+ Ke7 38. Rxa8 Rxa8 39. Rd3 f5 40. Kf2 g5 41. Ke3 Ke6 42. b5 Ra5 43. Rb3 Kd7 44. Kd4 Ra4+ 45. Ke5 Rf4 46. Rf3 1-0

[Event "NOR-chB"]
[Site "Lillehammer"]
[Date "2013.07.01"]
[Round "4"]
[White "Forsaa, Espen"]
[Black "Mihajlov, Svetoslav"]
[Result "1-0"]
[WhiteElo "2293"]
[BlackElo "2055"]
[PlyCount "75"]
[EventDate "2013.06.29"]
[EventType "swiss"]
[EventRounds "9"]
[EventCountry "NOR"]
[SourceTitle "EXT 2014"]
[Source "ChessBase"]
[SourceDate "2013.11.20"]
[SourceVersion "1"]
[SourceVersionDate "2013.11.20"]
[SourceQuality "1"]

1. c4 e5 2. g3 Nc6 3. Nc3 f5 4. Nf3 e4 5. Nh4 d6 6. d3 Be7 7. Ng2 exd3 8. Qxd3 Ne5 9. Qc2 Nf6 10. Nf4 c6 11. b3 0-0 12. Bg2 g5 13. Nd3 Nh5 14. Bb2 Be6 15. 0-0-0 Qa5 16. Kb1 Rac8 17. Qd2 Qc7 18. f4 gxf4 19. gxf4 Nxd3 20. exd3 Ng7 21. d4 Bf7 22. d5 Bh5 23. Rdf1 c5 24. Rhg1 Bf6 25. Nb5 Qb8 26. Bf3 Bg6 27. Bxf6 Rxf6 28. h4 a6 29. Na3 Rcf8 30. h5 Be8 31. Qb2 Qc7 32. Rg2 Rh6 33. Rfg1 Rf7 34. Nc2 Qe7 35. Re2 Qf8 36. Re6 Rff6 37. Ne3 Kh8 38. Rxf6 1-0

[Event "Gibraltar Masters 11th"]
[Site "Caleta"]
[Date "2013.01.30"]
[Round "9"]
[White "Forsaa, Espen"]
[Black "Sanchez Botella, Luis Javier"]
[Result "0-1"]
[WhiteElo "2305"]
[BlackElo "2196"]
[PlyCount "188"]
[EventDate "2013.01.22"]
[EventType "swiss"]
[EventRounds "10"]
[EventCountry "GGB"]
[SourceTitle "CBM 153"]
[Source "ChessBase"]
[SourceDate "2013.03.14"]
[SourceVersion "1"]
[SourceVersionDate "2013.03.14"]
[SourceQuality "1"]

1. d4 Nf6 2. c4 e6 3. Nc3 Bb4 4. e3 0-0 5. Nge2 d5 6. a3 Bd6 7. Ng3 c5 8. dxc5 Bxc5 9. b4 Bd6 10. cxd5 exd5 11. Bb2 Nc6 12. Nb5 Be5 13. Bxe5 Nxe5 14. Be2 a5 15. 0-0 Qe7 16. bxa5 Rxa5 17. Qd2 Ra8 18. Rfc1 Nc6 19. a4 g6 20. Nd4 Bd7 21. a5 Rfc8 22. Rcb1 Be8 23. h3 h5 24. Bf3 Ra6 25. Be2 Raa8 26. Nxc6 bxc6 27. a6 c5 28. Rb7 Qe5 29. Rab1 c4 30. f4 Qe6 31. R1b6 Rc6 32. Rxc6 Qxc6 33. Qd4 Qxa6 34. Rb1 h4 35. Nf1 Qa2 36. Rb2 Qa6 37. Bf3 Qe6 38. Rb6 Bc6 39. f5 gxf5 40. Qxh4 Nd7 41. Qg5+ Kf8 42. Rb1 Ne5 43. Bh5 Bd7 44. Qh4 Rc8 45. Qd4 c3 46. Be2 Ng6 47. Bf3 Qe5 48. Qxd5 Qxd5 49. Bxd5 Ba4 50. Bf3 c2 51. Rc1 Rd8 52. Kf2 Rd1 53. Rxd1 cxd1Q 54. Bxd1 Bxd1 55. Nd2 Ne5 56. Kg3 Bc2 57. Kf4 Ng6+ 58. Kg5 Kg7 59. g4 f6+ 60. Kh5 Bd1 61. Nf1 Ne5 62. Kh4 fxg4 63. hxg4 Nxg4 64. Kg3 Ne5 65. Kf4 Kg6 66. e4 Bg4 67. Ne3 Be6 68. Nc2 Nc6 69. Ne3 Kf7 70. Nf1 Ne5 71. Ng3 Ng6+ 72. Ke3 Bg4 73. Nh1 Ke6 74. Nf2 Ne5 75. Kf4 Bh5 76. Nh3 Ng6+ 77. Ke3 Ke5 78. Nf2 Nf4 79. Nh1 Nh3 80. Ng3 Bg6 81. Ne2 Bxe4 82. Ng3 Bg6 83. Kf3 Ng5+ 84. Ke3 Ne6 85. Kf3 Nd4+ 86. Kg4 Nb5 87. Kf3 Nc3 88. Ke3 Be8 89. Kf3 Ne4 90. Nf1 Bh5+ 91. Kg2 Kf4 92. Nh2 Bg4 93. Nf1 Bf3+ 94. Kg1 Be2 0-1

[Event "Gibraltar Masters 11th"]
[Site "Caleta"]
[Date "2013.01.24"]
[Round "3"]
[White "Ivanchuk, Vassily"]
[Black "Forsaa, Espen"]
[Result "1-0"]
[WhiteElo "2758"]
[BlackElo "2305"]
[PlyCount "57"]
[EventDate "2013.01.22"]
[EventType "swiss"]
[EventRounds "10"]
[EventCountry "GGB"]
[SourceTitle "CBM 153"]
[Source "ChessBase"]
[SourceDate "2013.03.14"]
[SourceVersion "1"]
[SourceVersionDate "2013.03.14"]
[SourceQuality "1"]

1. e4 e6 2. d4 d5 3. Nc3 Bb4 4. Nge2 dxe4 5. a3 Bxc3+ 6. Nxc3 Nf6 7. Bg5 h6 8. Bh4 Nc6 9. Bb5 Bd7 10. 0-0 a6 11. Bc4 g5 12. Bg3 Ne7 13. f3 e3 14. Ne4 Ng6 15. Re1 Bc6 16. Rxe3 Qe7 17. Nxf6+ Qxf6 18. Bxc7 Rc8 19. Bd6 Qd8 20. Bb4 Nf4 21. Bf1 a5 22. Be1 0-0 23. c4 a4 24. Bb4 Re8 25. Qd2 Qd7 26. Rae1 Ng6 27. Bc3 b5 28. d5 exd5 29. Qd4 1-0

[Event "Gibraltar Masters 11th"]
[Site "Caleta"]
[Date "2013.01.22"]
[Round "1"]
[White "Guerrero Romero, Antonio"]
[Black "Forsaa, Espen"]
[Result "0-1"]
[WhiteElo "1862"]
[BlackElo "2305"]
[PlyCount "44"]
[EventDate "2013.01.22"]
[EventType "swiss"]
[EventRounds "10"]
[EventCountry "GGB"]
[SourceTitle "CBM 153"]
[Source "ChessBase"]
[SourceDate "2013.03.14"]
[SourceVersion "1"]
[SourceVersionDate "2013.03.14"]
[SourceQuality "1"]

1. d4 Nf6 2. c4 g6 3. g3 Bg7 4. Bg2 d5 5. Nf3 0-0 6. 0-0 dxc4 7. Qc2 Be6 8. Rd1 b5 9. Nc3 c6 10. Bg5 Nd5 11. Nxd5 cxd5 12. b3 Nc6 13. a3 Bf5 14. Qb2 Be4 15. Ne5 Nxe5 16. dxe5 Bxg2 17. Kxg2 Qc7 18. Rxd5 e6 19. Rdd1 Bxe5 20. Qb1 cxb3 21. Qxb3 Bxa1 22. Rxa1 Qe5 0-1

[Event "NOR-ch"]
[Site "Sandefjord"]
[Date "2012.07.12"]
[Round "7.6"]
[White "Fossan, Erik"]
[Black "Forsaa, Espen"]
[Result "1-0"]
[WhiteElo "2360"]
[BlackElo "2307"]
[PlyCount "203"]
[EventDate "2012.07.07"]
[EventType "swiss"]
[EventRounds "9"]
[EventCountry "NOR"]
[SourceTitle "CBM 149 Extra"]
[Source "ChessBase"]
[SourceDate "2012.08.24"]
[SourceVersion "1"]
[SourceVersionDate "2012.08.24"]
[SourceQuality "1"]

1. e4 c5 2. c3 d5 3. exd5 Qxd5 4. d4 e6 5. Nf3 Nf6 6. Be2 Nc6 7. 0-0 cxd4 8. cxd4 Be7 9. Nc3 Qd6 10. Nb5 Qd8 11. Bf4 Nd5 12. Bg3 a6 13. Nc3 0-0 14. Qb3 b5 15. Nxd5 Qxd5 16. Qxd5 exd5 17. Rac1 Bd7 18. Rfd1 f6 19. Ne1 Rac8 20. Bf3 Be6 21. Kf1 Kf7 22. Nc2 Na5 23. b3 Nc6 24. Ne3 Rfd8 25. a4 g5 26. Be2 Ba3 27. Rc2 Nb4 28. Rxc8 Rxc8 29. axb5 axb5 30. Bxb5 f5 31. Ra1 Rc1+ 32. Rxc1 Bxc1 33. Bd6 Na2 34. Bc6 Nc3 35. Bb4 Bb2 36. Bxc3 Bxc3 37. Bxd5 Bxd5 38. Nxd5 Bxd4 39. Ke2 Ke6 40. Ne3 h5 41. Kd3 Ba7 42. b4 Bb8 43. h3 g4 44. Nc2 Ke5 45. Nd4 Bc7 46. b5 Bb6 47. Nc6+ Kf4 48. Ke2 gxh3 49. gxh3 Ke4 50. Ne7 Bd8 51. Nc6 Bb6 52. Nb8 Bd8 53. Na6 Bb6 54. Nb4 Bd8 55. Nc2 Bb6 56. Ne3 Bd8 57. f3+ Ke5 58. b6 f4 59. b7 Bc7 60. Ng2 Kd4 61. Nh4 Kd5 62. Kd3 Kc6 63. Ke4 Kxb7 64. Ng6 Kc6 65. Nxf4 h4 66. Ng6 Bg3 67. Kf5 Kd7 68. Kg4 Ke6 69. Nxh4 Be1 70. Kg5 Kf7 71. Ng6 Bd2+ 72. Kf5 Kg7 73. Ne5 Kh6 74. Kg4 Bc3 75. Nd3 Bd4 76. Ne1 Bc3 77. Ng2 Bd2 78. Nh4 Bc1 79. Nf5+ Kg6 80. h4 Bd2 81. h5+ Kh7 82. f4 Ba5 83. Ng3 Kh6 84. Nf5+ Kh7 85. Nd6 Kh6 86. Nf7+ Kg7 87. Ng5 Bc3 88. Ne4 Ba5 89. Nd6 Kh6 90. Nc4 Bc3 91. Ne5 Bb2 92. Nc4 Bc3 93. Ne3 Ba5 94. Nd5 Bd8 95. f5 Kg7 96. Kf4 Kh6 97. f6 Kxh5 98. f7 Bg5+ 99. Kf5 Bh6 100. Nf4+ Kh4 101. Ne6 Kh5 102. Kf6 1-0